| 000 | 00758cam a2200253 4500 | ||
|---|---|---|---|
| 001 | J1354 | ||
| 008 | 090401t xxu||||| |||| 00| 0 eng d | ||
| 035 | _a(Sirsi) u43081 | ||
| 041 | _aeng | ||
| 050 | _a333.335 | ||
| 110 | _aMinistry of Agriculture Fisheries and Food | ||
| 245 | _aPrices of agricultural land in England three months and six months ended 31 March 1988; 30 September 1988 - 31 December 1988. | ||
| 260 |
_aLondon _bMinistry of Agriculture, Fisheries and F _c1988-89 |
||
| 300 | _a3 pt. ; 30cm. | ||
| 350 | _a0 | ||
| 490 |
_aMAFF Statistics _v180/88 |
||
| 520 | _aPublished quarterly. | ||
| 650 | _aFARMLAND PRICES | ||
| 650 | _aFARMLAND | ||
| 650 | _aLAND PRICES | ||
| 690 | _aRURAL PRACTICE | ||
| 942 | _n0 | ||
| 948 | _c04/03/1997 | ||
| 999 |
_c91246 _d91246 |
||